| 000 | 01440cam a2200277 4500 | ||
|---|---|---|---|
| 001 | 5546 | ||
| 005 | 20181127175739.0 | ||
| 008 | 140807s2014 nyua 000 1 eng | ||
| 010 | _a 2014030943 | ||
| 020 | _a9781447272816 | ||
| 020 | _z9781466863897 (e-book) | ||
| 042 | _apcc | ||
| 245 | 0 | 0 |
_aMy true love gave to me : _btwelve winter romances / _cedited Stephanie Perkins. |
| 250 | _aFirst Edition. | ||
| 264 | 1 |
_aLondon : _bMacmillan, _c2014. |
|
| 300 |
_aviii, 355 pages : _billustrations ; _c22 cm |
||
| 336 |
_atext _2rdacontent |
||
| 337 |
_aunmediated _2rdamedia |
||
| 338 |
_avolume _2rdacarrier |
||
| 520 |
_a""If you love holiday stories, holiday movies, made-for-TV-holiday specials, holiday episodes of your favorite sitcoms and, especially, if you love holiday anthologies, you're going to fall in love with My True Love Gave to Me: Twelve Holiday Stories by twelve bestselling young adult writers, edited by the international bestselling Stephanie Perkins. Whether you enjoy celebrating Christmas or Hanukkah, Winter Solstice or New Years, there's something here for everyone. So curl up by the fireplace and get cozy. You have twelve reasons this season to stay indoors and fall in love""-- _cProvided by publisher. |
||
| 650 | 0 |
_aHolidays _vFiction. |
|
| 650 | 0 | _aRomance fiction, American. | |
| 650 | 0 | _aShort stories, American. | |
| 650 | 0 | _aYoung adult fiction, American. | |
| 700 | 1 |
_aPerkins, Stephanie, _eeditor. |
|
| 999 |
_c4671 _d4671 |
||